Economics in Arthasastra / (Record no. 66030)

MARC details
000 -LEADER
fixed length control field 00505nam a22001577a 4500
005 - DATE AND TIME OF LATEST TRANSACTION
control field 20180803143722.0
020 ## - INTERNATIONAL STANDARD BOOK NUMBER
International Standard Book Number 8176298190
Terms of availability 650.00
035 ## - SYSTEM CONTROL NUMBER
System control number B-223541, B-223540, B-223543
037 ## - SOURCE OF ACQUISITION
Stock number DPL
Source of stock number/acquisition ENG
245 ## - TITLE STATEMENT
Title Economics in Arthasastra /
Statement of responsibility, etc edited by Raj Kumar Sen and Ratan Lal Basu
260 ## - PUBLICATION, DISTRIBUTION, ETC. (IMPRINT)
Place of publication, distribution, etc New Delhi
Name of publisher, distributor, etc Deep and Deep Publications
Date of publication, distribution, etc 2006
300 ## - PHYSICAL DESCRIPTION
Extent ix, 310p.
Dimensions 20 cms.
700 ## - ADDED ENTRY--PERSONAL NAME
Personal name Sen, Raj Kumar
9 (RLIN) 46246
700 ## - ADDED ENTRY--PERSONAL NAME
Personal name Basu, Ratan Lal
9 (RLIN) 46247
942 ## - ADDED ENTRY ELEMENTS (KOHA)
Source of classification or shelving scheme Dewey Decimal Classification
Item type English Books
Classification part 330
Call number suffix ECO
Holdings
Withdrawn status Lost status Not for loan Collection code Home library Current library Date acquired Cost, normal purchase price Full call number Barcode Cost, replacement price Koha item type Source of acquisition
      Non-fiction Patel Nagar Patel Nagar 28/07/2018 650.00 330 ECO B-223540 650.00 English Books BPPD/PUB
      Non-fiction Sarojini Nagar Sarojini Nagar 03/05/2012 650.00 330 ECO B-223541 650.00 English Books  
      Non-fiction Shahdara Branch Shahdara Branch 03/08/2018 650.00 330 ECO B-223543 650.00 English Books BPPD/PUB

© Delhi Public Library
Hit Counter
free hit counter